00514nam a2200157Ia 4500008004100000020001800041082001600059100001600075245007200091250000700163260005500170300003100225500002900256600002100285650005000306240925s9999 xx 000 0 und d a9781537010953 a005.133 STA aStark, Adam 0aPython for Beginners: The comprehensive guide to python programming aNA aUnited States:bMcgraw Hill Companies Inc.c,2016. aVarious pagesb0fOriginal aInclude Table of Content aComputer Science aComputer science, information & general works